| 000 | 01067cam a22003017a 4500 | ||
|---|---|---|---|
| 003 | CHAP | ||
| 005 | 20220329140928.0 | ||
| 008 | 971013s1989 r 00010 d | ||
| 010 | _a59929 | ||
| 011 | _a60901 | ||
| 035 | _a65064 | ||
| 040 | _cCHAP | ||
| 082 |
_a660.282 _bM37 |
||
| 100 | 0 | 0 |
_aMarúm Espinosa, Elia. _971536 |
| 245 | 1 | 3 |
_aLa producción de celulosa y papel en México _b: enfoques y alternativas |
| 260 |
_aGuadalajara, Jal. : _bUniversidad de Guadalajara, _c1989 |
||
| 300 |
_a221 p. _b: ilus. |
||
| 590 |
_aBATCH-UPD _b10 _c20130110 _lUCH01 _h0830 |
||
| 590 |
_aBATCH-UPD _b10 _c20130410 _lUCH01 _h0508 |
||
| 590 |
_aBATCH-UPD _b10 _c20130914 _lUCH01 _h0907 |
||
| 590 |
_aCONVERSION _b10 _c20130109 _lUCH01 _h1332 |
||
| 650 | 1 | 4 |
_aCelulosa _xFabricación y comercio. _920919 |
| 650 | 1 | 4 |
_aPapel _xFabricación y comercio. _985372 |
| 901 | _aBK | ||
| 942 | _cLIBRO | ||
| 949 |
_a660.282 M37 _bBC _cLIBRO _d33724000083838 _eLIBRO _gI. c/e _h90406 _i65064 _si _t14.00 |
||
| 949 |
_a660.282 M37 _bBC _cLIBRO _d33724000083846 _eLIBRO _fc.2 _gI.c/e _h90407 _i65064 _si _t14.00 |
||
| 999 |
_c59929 _d59929 |
||